00695nam a22001817a 4500008004100000020002200041082001400063245009400077260008000171300003200251500004100283505004000324650002200364650002300386650001900409700004400428700004100472141027b 2008mx ||||| |||| 00| 0 spa d a978-607-402-079-3 a300 In379 aIncursiones en la complejidadc/ Genoveva Flores Quintero, Amaia Arribas Urrutia, coords. aMéxicob : Plaza y Valdes : Instituto Tecnológico de Monterreyc , 2008 a241 p. btablas, gráficas aIncluye referencias bibliográficas aComunicación Política Sociedad1 aCIENCIAS SOCIALES2 aCIENCIA POLÍTICA3 aCOMUNICACIÓN aFLORES Quintero, Genoveva; coordinadora aARRIBAS Urrutia, Amaia; coordinadora